• 首页
  • 本馆介绍
  • 公告通知
  • 最新文献
  • 馆藏检索
  • 电子资源
  • 读者导购
  • 参考咨询
  • 我的图书馆
  • 登录
  • 详细信息显示
  • 放入我的书架
  • 预约/预借图书
  • 作者相关作品
  • 分类相关作品
  • 丛书相关作品
  • 出版社相关作品

书目信息

  • 表格格式
  • 工作单格式
  • 卡片格式
题名:
制冷系统:原理.运行.维修
    
 
作者: 中国制冷学会 编
分册:  
出版信息: 北京   宇航出版社  1988.6
页数: 352页
开本: 26cm
丛书名:
单 册:
中图分类: TB6
科图分类:
主题词: 制冷工程
电子资源:
ISBN:
000 00566nam0 2200193 45
001 0312221749
005 20031222170907.8
010    @dCNY5.40
100    @a20031222d1988 km y0chiy0120 ea
101    @achi
105    @a z 000yy
200 1  @a制冷系统:原理.运行.维修@AZhi Leng Xi Tong:Yuan Li.Yun Xing.Wei Xiu@f中国制冷学会编@FZhong Guo Zhi Leng Xue Hui Bian
210    @a北京@c宇航出版社@d1988.6
215    @a352页@d26cm
606 0  @a制冷工程
690    @aTB6@v3
701 0  @a中国制冷学会@4编
801    @aCN@bTSTCL@c20031222
905    @a213230@dTB6@e13@b216647@f1
    
    制冷系统:原理.运行.维修/中国制冷学会编.-北京:宇航出版社,1988.6
    352页;26cm
    
    
    ISBN :CNY5.40
    
●
相关链接 在E读中查询图书 在五车中查询图书 在当当中查询图书 在豆瓣中查询图书


正题名:制冷系统:原理·运行·维修     索取号:TB6/13         预约/预借

序号 登录号 条形码 馆藏地/架位号 状态 备注
1 0216647   001358015   第二样本阅览室/ [索取号:TB6/13] 在馆    
唐山师范学院图书馆 欢迎您!
大连网信软件有限公司© 版权所有